000 00273nam a2200109Ia 4500
008 230907s9999||||xx |||||||||||||| ||und||
082 _a621.30286
_bGRE
100 _aLin, Ming-Fa,
_9116164
245 0 _aGreen energy materials handbook /
300 _apages cm
942 _cBK
999 _c601405
_d601405